MyGZULibrary

Atlas of human parasitology / (Record no. 11765)

MARC details
000 -LEADER
fixed length control field 01176cam a2200373 a 4500
001 - CONTROL NUMBER
control field 1407008
003 - CONTROL NUMBER IDENTIFIER
control field GZU
005 - DATE AND TIME OF LATEST TRANSACTION
control field 20260423084800.0
008 - FIXED-LENGTH DATA ELEMENTS--GENERAL INFORMATION
fixed length control field 831117s1984 ilua b 001 0 eng
010 ## - LIBRARY OF CONGRESS CONTROL NUMBER
LC control number 83021514
020 ## - INTERNATIONAL STANDARD BOOK NUMBER
International Standard Book Number 089189179X :
Terms of availability $65.00
022 ## - INTERNATIONAL STANDARD SERIAL NUMBER
International Standard Serial Number .
035 ## - SYSTEM CONTROL NUMBER
System control number 1407008
040 ## - CATALOGING SOURCE
Original cataloging agency DLC
Transcribing agency DLC
Modifying agency GZULib
Language of cataloging eng
Description conventions rda
050 10 - LIBRARY OF CONGRESS CALL NUMBER
Classification number RC119
Item number .ASH 1984
100 1# - MAIN ENTRY--PERSONAL NAME
Personal name Ash, Lawrence R.
Relator term author
245 10 - TITLE STATEMENT
Title Atlas of human parasitology /
Statement of responsibility, etc. Lawrence R. Ash, Thomas C. Orihel.
250 ## - EDITION STATEMENT
Edition statement Second edition
260 ## - PUBLICATION, DISTRIBUTION, ETC.
Place of publication, distribution, etc. Chicago :
Name of publisher, distributor, etc. American Society of Clinical Pathologists Press,
Date of publication, distribution, etc. 1984.
300 ## - PHYSICAL DESCRIPTION
Extent xi, 212 pages :
Other physical details illustrations (some colour) ;
Dimensions 29 cm.
336 ## - CONTENT TYPE
Content type term text
Content type code txt
Source rdacontent
337 ## - MEDIA TYPE
Media type term unmediated
Media type code n
Source rdamedia
338 ## - CARRIER TYPE
Carrier type term volume
Carrier type code nc
Source rdacarrier
500 ## - GENERAL NOTE
General note Includes index.
504 ## - BIBLIOGRAPHY, ETC. NOTE
Bibliography, etc. note Bibliography: p. 208.
505 ## - FORMATTED CONTENTS NOTE
Formatted contents note .
520 ## - SUMMARY, ETC.
Summary, etc. .
650 #0 - SUBJECT ADDED ENTRY--TOPICAL TERM
Topical term or geographic name entry element Medical parasitology
General subdivision Atlases.
650 #0 - SUBJECT ADDED ENTRY--TOPICAL TERM
Topical term or geographic name entry element Parasitic diseases
General subdivision Diagnosis
-- Atlases.
650 #2 - SUBJECT ADDED ENTRY--TOPICAL TERM
Topical term or geographic name entry element Parasites
General subdivision Atlases.
650 #2 - SUBJECT ADDED ENTRY--TOPICAL TERM
Topical term or geographic name entry element Parasitic diseases
General subdivision Atlases.
700 1# - ADDED ENTRY--PERSONAL NAME
Personal name Orihel, Thomas C.,
Dates associated with a name 1929-
Relator term author
942 ## - ADDED ENTRY ELEMENTS (KOHA)
Source of classification or shelving scheme Library of Congress Classification
Koha item type Books
Edition Second edition
Classification part 119
Item part ASH
Call number prefix RC
Holdings
Withdrawn status Lost status Source of classification or shelving scheme Damaged status Not for loan Collection code Home library Current library Shelving location Date acquired Source of acquisition Total Checkouts Full call number Barcode Date last seen Copy number Price effective from Koha item type
    Library of Congress Classification     Non-fiction Medical Library Medical Library General Stacks 04/23/2026 Donation from UKZN   RC119 ASH 1984 034558 04/23/2026 c. 1 04/23/2026 Books